Del Siglo de Oro (Record no. 114787)

MARC details
000 -LEADER
campo de control de longitud fija 00961nam a2200253 i 4500
001 - NÚMERO DE CONTROL
campo de control 114787
003 - IDENTIFICADOR DE NÚMERO DE CONTROL
campo de control ES-MaACL
005 - FECHA Y HORA DE LA ÚLTIMA TRANSACCIÓN
campo de control 20251204114525.0
007 - CAMPO FIJO DE DESCRIPCIÓN FÍSICA--INFORMACIÓN GENERAL
campo de control de longitud fija t|
008 - DATOS DE LONGITUD FIJA--INFORMACIÓN GENERAL
campo de control de longitud fija 070327s1910 sp |||| | spa d
100 1# - ENTRADA PRINCIPAL--NOMBRE DE PERSONA
Nombre de persona Ríos, Blanca de los,
Fechas asociadas al nombre 1859-1956
9 (RLIN) 97357
245 13 - MENCIÓN DEL TÍTULO
Título Del Siglo de Oro
Resto del título : (estudios literarios) /
Mención de responsabilidad, etc. Blanca de los Ríos ; con prólogo del Excmo. Sr. D. Marcelino Menéndez y Pelayo.
260 ## - PUBLICACIÓN, DISTRIBUCIÓN, ETC.
Lugar de publicación, distribución, etc. Madrid :
Nombre del editor, distribuidor, etc. [s.n.],
Fecha de publicación, distribución, etc. 1910 (
Fabricante Imp. de Bernardo Rodríguez)
300 ## - DESCRIPCIÓN FÍSICA
Extensión XLV, 275 p. ;
Dimensiones 19 cm.
490 1# - MENCIÓN DE SERIE
Mención de serie Obras completas ;
Designación de volumen o secuencia 3
530 ## - NOTA DISPONIBLE DE FORMULARIO FÍSICO ADICIONAL
Nota de formato físico adicional disponible Disponible en formato digital.
650 14 - PUNTO DE ACCESO ADICIONAL DE MATERIA--TÉRMINO DE MATERIA
Término de materia o nombre geográfico como elemento de entrada Literatura española-
Subdivisión cronológica S.XVI-XVII-
Subdivisión general Historia y crítica.
9 (RLIN) 14571
700 1# - ENTRADA AGREGADA--NOMBRE PERSONAL
Nombre de persona Menéndez y Pelayo, Marcelino,
Fechas asociadas al nombre 1856-1912
9 (RLIN) 80332
830 0# - PUNTO DE ACCESO ADICIONAL DE SERIE-TÍTULO UNIFORME
Título uniforme Obras completas ;
Designación de volumen o secuencia 3
9 (RLIN) 176447
852 ## - LOCALIZACIÓN
Ubicación ES-MaACL
Número de control de estantería B-4268
Ubicación en estantería Sala Pardo Bazán
856 4# - LOCALIZACIÓN Y ACCESO ELECTRÓNICOS
Identificador Uniforme de Recursos <a href="https://archive.org/details/delsiglodeoroest00ro/page/n5 ">https://archive.org/details/delsiglodeoroest00ro/page/n5 </a>
Texto de enlace Internet Archive
942 ## - ELEMENTOS DE ENTRADA SECUNDARIOS (KOHA)
Fuente del sistema de clasificación o colocación Clasificación decimal universal
Holdings
Estatus retirado Estado de pérdida Estado de daño No para préstamo Colección Biblioteca de origen Biblioteca actual Ubicación en estantería Fecha de adquisición Fuente de adquisición Total de préstamos Signatura topográfica completa Código de barras Visto por última vez Precio de reemplazo Tipo de ítem Koha
        Colección digital Biblioteca del Ateneo de Madrid Biblioteca del Ateneo de Madrid Sala Pardo Bazán 17/01/2008     B-4268 1119700 23/02/2023 23/02/2023 Libro impreso